| 000 | 00587nam a22001817a 4500 | ||
|---|---|---|---|
| 005 | 20230726035442.0 | ||
| 008 | 230726b |||||||| |||| 00| 0 eng d | ||
| 020 | _a978-1-4742-9551-2 | ||
| 082 | _a372.891 B258 2019 | ||
| 100 |
_aBarlow, Anthony _eauthor |
||
| 245 |
_aMastering primary geography / _cAnthony Barlow, Sarah Whitehouse |
||
| 260 |
_aLondon, UK: _bBloomsbury Academic, _cc2019 |
||
| 300 |
_axiv, 245p.: _bill. |
||
| 504 | _aIncludes bibliographies and index | ||
| 541 | _e7347 | ||
| 650 | _aGeography - Study and teaching (Elementary) | ||
| 700 |
_aWhitehouse, Sarah _eauthor |
||
| 999 |
_c2229 _d2229 |
||